[Event "AUTO-INT-3955"]
[Site "http://www.queenalice.com/game.php?id=1867028"]
[Date "2025.12.13"]
[Round "1"]
[White "juim"]
[Black "Yanni"]
[Result "1-0"]
[WhiteElo "1620"]
[BlackElo "1487"]

1. e4 e5 2. d4 Nc6 3. d5 Nb4 4. a3 Na6 5. Be3 Nf6 6. Bd3 Bd6 7. Nc3 h6 8. Nf3
Nc5 9. Be2 Ng4 10. O-O Be7 11. Qc1 d6 12. h3 Nf6 13. b4 Ncd7 14. Bd3 a6 15. Nh4
Nh5 16. f4 Bxh4 17. f5 Ng3 18. Rf3 Nf6 19. Bc4 Rg8 20. Bf2 g5 21. fxg6 Rxg6 22.
Qe1 Bxh3 23. Bxg3 Rxg3 24. Rxg3 Nh5 25. Rg8+ Kd7 26. Rxd8+ Rxd8 27. Qxh4 Nf4 28.
gxh3 Rg8+ 29. Kf1 Ng2 30. Qxh6 Kc8 31. Kf2 Rg6 32. Qh7 Nf4 33. Qxf7 b5 34. Qe8+
Kb7 35. Qc6+ Kc8 36. Qxa6+ Kd7 37. Bxb5+ Ke7 38. Qc6 Kf6 39. Qd7 Kg5 40. Ne2 Nh5
41. Rg1+ Kh6 42. Rxg6+ Kxg6 43. Qxc7 Nf6 44. Qxd6 Kg5 45. h4+ Kg6 46. Qxe5 Kf7
47. Qe6+ Kg6 48. e5 Kh5 49. Qxf6 Kg4 50. Qg5+ Kh3 51. Qg3# 1-0